| Поле | Название | Значение |
| |
Тип записи |
a |
| |
Библиографический уровень |
m |
| 001 |
Контрольный номер |
RU/IS/BASE/364565965 |
| 005 |
Дата корректировки |
20240216155804.2 |
| 020 |
Индекс ISBN |
00 |
| c |
Цена, тираж |
31-00 |
| 084 |
Индекс другой классификации/Индекс ББК |
__ |
| a |
Индекс другой классификации/Индекс ББК |
Х621.163.1я73 |
| 084 |
Индекс другой классификации/Индекс ББК |
__ |
| a |
Индекс другой классификации/Индекс ББК |
75.7я73 |
| 090 |
Шифры |
00 |
| a |
Полочн. индекс |
Х621.163.1 |
| x |
Авторский знак |
В67 |
| c |
Каталожный индекс |
Х621.163.1я73 |
| 100 |
Автор |
10 |
| a |
Автор |
Волков А. Н. |
| 245 |
Заглавие |
10 |
| a |
Заглавие |
Лыжная подготовка |
| b |
Продолж. заглавия |
учеб.-метод. пособие |
| 260 |
Выходные данные |
00 |
| a |
Место издания |
Н. Новгород |
| b |
Издательство |
НА МВД России |
| c |
Дата издания |
2010 |
| 300 |
Физическое описание |
00 |
| a |
Объем |
71 с. |
| 650 |
Тематические рубрики |
14 |
| x |
Основная подрубрика |
ОРГАНИЗАЦИЯ И ДЕЯТЕЛЬНОСТЬ МИЛИЦИИ |
| a |
Основная рубрика |
СОЦИАЛЬНЫЕ (ОБЩЕСТВЕННЫЕ) И ГУМАНИТАРНЫЕ НАУКИ |
| 650 |
Тематические рубрики |
14 |
| x |
Основная подрубрика |
ФИЗИЧЕСКАЯ КУЛЬТУРА И СПОРТ |
| 653 |
Ключевые слова |
10 |
| a |
Ключевые слова |
ЛЫЖНАЯ ПОДГОТОВКА |
| a |
Ключевые слова |
НИЖЕГОРОДСКАЯ АКАДЕМИЯ МВД РОССИИ |
| a |
Ключевые слова |
ОВД |
| a |
Ключевые слова |
ОРГАНИЗАЦИЯ И ДЕЯТЕЛЬНОСТЬ МИЛИЦИИ |
| a |
Ключевые слова |
СПОРТ |
| a |
Ключевые слова |
УЧЕБНО-МЕТОДИЧЕСКОЕ ПОСОБИЕ |
| 653 |
Ключевые слова |
1_ |
| a |
Ключевые слова |
ФИЗИЧЕСКАЯ ПОДГОТОВКА |
| 700 |
Другие авторы |
10 |
| a |
Другие авторы |
Кузнецов С. В. |
| 700 |
Другие авторы |
10 |
| a |
Другие авторы |
Данилов М. Г. |
| 901 |
Тип документа |
__ |
| t |
Тип документа |
m |
| 952 |
Тип литературы |
__ |
| c |
Вид литературы |
учебно-методическое издание |